Становление капитализма как разрешение противоречий товарного феодального производства. Ч. 2: Основные проблемы прусского пути генезиса капитализма в Прибалтике (Запись № 6932977)

Подробности
000 -МАРКЕР
контрольное поле 01447nam2a22002411 4500
001 - ИДЕНТИФИКАТОР ЗАПИСИ
контрольное поле rc\576419
005 - ИДЕНТИФИКАТОР ВЕРСИИ
контрольное поле 20250621231227.0
035 ## - ДРУГИЕ СИСТЕМНЫЕ НОМЕРА
Идентификатор записи (NLR Aleph) 005970740
100 ## - ДАННЫЕ ОБЩЕЙ ОБРАБОТКИ
Данные общей обработки 20031121d1987 |||y0rusy50 ca
101 0# - ЯЗЫК РЕСУРСА
Язык текста, звукозаписи и т.д. русский
102 ## - СТРАНА ПУБЛИКАЦИИ ИЛИ ПРОИЗВОДСТВА
Страна публикации Российская Федерация
105 ## - ПОЛЕ КОДИРОВАННЫХ ДАННЫХ: ТЕКСТОВЫЕ МАТЕРИАЛЫ, МОНОГРАФИЧЕСКИЕ
Кодированные данные о монографическом текстовом документе a |||||||||
200 1# - ЗАГЛАВИЕ И СВЕДЕНИЯ ОБ ОТВЕТСТВЕННОСТИ
Основное заглавие Основные проблемы прусского пути генезиса капитализма в Прибалтике
210 ## - ПУБЛИКАЦИЯ, РАСПРОСТРАНЕНИЕ И ДР.
Дата издания, распространения и т.д. 1987
Место издания, распространения и т.д. Б. м.
215 ## - ФИЗИЧЕСКАЯ ХАРАКТЕРИСТИКА
Специфическое обозначение материала и объем 299, [1] с.
Другие сведения о физической характеристике схем.
Размеры 21
320 ## - ПРИМЕЧАНИЯ О НАЛИЧИИ В ДОКУМЕНТЕ БИБЛИОГРАФИИ / УКАЗАТЕЛЯ
Текст примечания Библиогр. в конце глав
461 #0 - УРОВЕНЬ НАБОРА
Встроенное поле 001rc\576417
-- 2001#$aСтановление капитализма как разрешение противоречий товарного феодального производства$e(На материалах прибалт. губерний России)$e[В 2 ч.]$fТарт. гос. ун-т$vЧ. 2
-- 700#1$aФайнштейн$bВ.М.$gВиктор Михайлович
Системный номер (АБИС) связанной записи 6932961
Автор Файнштейн, В.М.
Место публикации Таллин
Дата публикации 1987-
Первые сведения об ответственности Тарт. гос. ун-т
Имя издателя, распространителя и т.д. Ээсти раамат
Сведения, относящиеся к заглавию (На материалах прибалт. губерний России) : [В 2 ч.]
Заглавие Становление капитализма как разрешение противоречий товарного феодального производства
Номер тома Ч. 2
801 #0 - ИСТОЧНИК ЗАПИСИ
Страна Российская Федерация
Организация NLR
Правила каталогизации psbo
801 #1 - ИСТОЧНИК ЗАПИСИ
Страна Российская Федерация
Организация ELAR
Источник данных rusmarc
852 ## - МЕСТОНАХОЖДЕНИЕ И ШИФР ХРАНЕНИЯ
Идентификатор организации NLR
Шифр хранения (Call Number) 87-6/5092
942 ## - ДОПОЛНИТЕЛЬНЫЕ ЭЛЕМЕНТЫ ЗАПИСИ (АБИС)
Тип экземпляра АБИС Книга
980 ## - КОЛЛЕКЦИЯ
Название коллекции Национальная библиография
Экземпляры
Тип экземпляра Дата поступления Библиотека постоянного хранения Библиотека текущего хранения Место хранения Шифр хранения Штрих-код Статус экземпляра
Книга 26.10.2013 РНБ (Московский) РНБ (Московский) Русский книжный фонд: издания с 1957 года 87-6/5092 5970740-10